<?xml version="1.0" encoding="UTF-8"?>
<collection xmlns="http://www.loc.gov/MARC21/slim">
 <record>
  <leader>01461pamaa2200241   4500</leader>
  <controlfield tag="001">0000047722</controlfield>
  <controlfield tag="005">20150915090000.0</controlfield>
  <controlfield tag="008">100818                             eng  </controlfield>
  <datafield tag="020" ind1="0" ind2="0">
   <subfield code="a">9780199579792 (pbk.) </subfield>
  </datafield>
  <datafield tag="090" ind1="0" ind2="0">
   <subfield code="a">KD1554 </subfield>
   <subfield code="b">MCK 2010</subfield>
  </datafield>
  <datafield tag="100" ind1="1" ind2="0">
   <subfield code="a">McKendrick, Ewan </subfield>
  </datafield>
  <datafield tag="245" ind1="1" ind2="0">
   <subfield code="a">Contract law text, cases, and materials  </subfield>
   <subfield code="c">Ewan McKendrick.</subfield>
  </datafield>
  <datafield tag="250" ind1="0" ind2="0">
   <subfield code="a">4th ed.</subfield>
  </datafield>
  <datafield tag="260" ind1="0" ind2="0">
   <subfield code="a">Oxford [England] ; New York: </subfield>
   <subfield code="b">Oxford University Press, </subfield>
   <subfield code="c">2010.</subfield>
  </datafield>
  <datafield tag="300" ind1=" " ind2=" ">
   <subfield code="a">xxxiv, 1052 p.; </subfield>
   <subfield code="c">25 cm.</subfield>
  </datafield>
  <datafield tag="501" ind1="0" ind2="0">
   <subfield code="a">DLLUK</subfield>
  </datafield>
  <datafield tag="504" ind1="0" ind2="0">
   <subfield code="a">Includes bibliographical references and index</subfield>
  </datafield>
  <datafield tag="505" ind1="0" ind2="0">
   <subfield code="a">Agreement : objective or subjective? -- Offer and acceptance -- Uncertain and incomplete agreements -- Consideration and promissory estoppel -- Formalities -- Intention to create legal relations -- The terms of the contract --Incorporation of terms -- Implied terms -- The interpretation of contracts -- Boilerplate clauses -- Exclusion clauses -- Unfair terms in consumer contracts regulations 1999 -- Good faith -- Mistake -- Misrepresentation --Duress -- Undue influence -- Unconscionability and inequality of bargaining power -- Incapacity -- Illegality and public policy -- Frustration and force majeure -- Breach of contract and termination -- Damages -- Specific performance--Third parties</subfield>
  </datafield>
  <datafield tag="650" ind1="0" ind2="0">
   <subfield code="a">Contracts -- </subfield>
   <subfield code="x">Cases -- </subfield>
   <subfield code="z">England </subfield>
  </datafield>
  <datafield tag="650" ind1="0" ind2="0">
   <subfield code="a">Contracts -- </subfield>
   <subfield code="z">England </subfield>
  </datafield>
  <datafield tag="650" ind1="0" ind2="0">
   <subfield code="a">Contracts -- </subfield>
   <subfield code="z">Wales </subfield>
  </datafield>
  <datafield tag="650" ind1="0" ind2="0">
   <subfield code="a">Contracts -- </subfield>
   <subfield code="x">Cases -- </subfield>
   <subfield code="z">Wales </subfield>
  </datafield>
  <datafield tag="901" ind1=" " ind2=" ">
   <subfield code="u">www.oup.com</subfield>
  </datafield>
 </record>
</collection>
